000 00566nam a2200229Ia 4500
003 OSt
005 20220918193410.0
006 a|||||r|||| 00| 0
007 ta
008 220917b |||||||| |||| 00| 0 eng d
024 _a72,948
037 _cTextual
040 _aARTS
_cARTS
_beng
041 _2eng
_aeng
082 _aR5z7, K6
100 _aZiff Paul
245 0 _aPhilosophic turnings
_b essays n conceptual appreciation
260 _c1966
650 _aAESTHETICS
942 _hR5z7, K6
_cTEXL
_2CC
999 _c198889
_d198889